000 01426nam a2200373 i 4500
001 000021266
003 DO-SdBNP
005 20260409143541.0
007 ta
008 100903s2006 dr ac 000 0 spa d
020 _a9945854925
040 _aDO-SdBNP
_bspa
_cBNPHU
_erda
041 _aspa
082 4 _a972.9305
_bG633b
_222
100 1 _aGómez Vergés, Víctor,
_d1940-
_eautor
_4aut.
_944448
245 1 0 _aBalaguer y yo :
_bla historia /
_cVíctor Gómez Vergés.
250 _aprimera edición
264 4 _aSanto Domingo :
_bArchivo General de la Nación,
_c©2006.
300 _avolúmenes :
_bilustraciones, retratos ;
_c27 cm.
336 _atexto
_btxt
_2rdacontent
337 _asin mediación
_bn
_2rdamedia
338 _avolumen
_bnc
_2rdacarrier
490 1 _aArchivo General de la Nación ;
_v283
500 _aIncluye datos biográficos del autor en la solapa de la cubierta
500 _aIncluye referencias bibliográficas y notas al pie de las páginas
500 _aIncluye índice onomástico
590 _aInventariado, 2023/BT
600 1 0 _a Balaguer, Joaquín,
_d1906-2002
_976556
600 1 0 _aGómez Bergés, Víctor,
_d1940-2023
_917774
600 1 0 _a Balaguer, Joaquín,
_d1906-2002
_x Amigos y asociados.
_986869
651 7 _aRepública Dominicana
_x Política y gobierno
_y1961-
_2LEMB
_9204
651 7 _aRepública Dominicana
_xHistoria
_y1961-
_2LEMB
_96572
942 _2ddc
_cLBS1
999 _c20766
_d20766